Регионална библиотека "Любен Каравелов" - Русе

Неспирната драма (Запис номер 122079)

MARC детайли
000 -Лидер
Контролно поле с фиксирана дължина 01446nam a2200361 c 4500
003 - Код на организацията, давaща контролен номер
Контролно поле BLK
005 - Дата и час на последна редакция
Контролно поле 20180422110818.0
008 - Елементи от данни с фиксирана дължина
fixed length control field 180409b bul|||||r ||||||| ||bul||
010 ## - Наследен системен номер
LC control number KNG00127713000
040 ## - Източник на каталожния запис
Идентификатор на билиотеката - собственик на записа BLK
041 ## - Код за език
Код за езика на текст/звукозапис или на отделно заглавие Български
Код за езика КДБФ Български
080 ## - УДК
Текстов определител УДК История на САЩ
УДК код - определител по УДК 973
УДК определител
УДК - код + определител 973
100 1# - Редна дума - Автор
Автор Аптекър, Хърбърт
Авторска отговорност първи автор
R(LIN) 317418
139 ## - Редно поле
Редна дума Аптекър, Хърбърт
Авторски знак Апр - А 79
245 10 - Сведения за заглавието
Заглавие Неспирната драма
Подзаглавни данни Очерци по ист. на Съединените щати
Редно поле (дума) Хърбърт Аптекър; под ред. на Бетина Аптекър; прев. от англ. Цветан Георгиев Петков.
257 ## - Страна на издаване
Страна на създаване/издаване Съединени американски щати
260 ## - Област на издателските данни
-- София
Име на издателя, разпространителя и проч. Партиздат
Година на издаване 1981
300 ## - Физическа характеристика
Страници 291 с.
Размери/Мащаб 17 см
380 ## - Жанр
Жанр История
490 1# - СЕРИИ (Колекции)
Име на серия Историческо четиво
500 ## - Общи забележки
Забележка Ориг. загл. The unfolding drama. - 3 615 тир.
650 #4 - Допълнително описание по предмет – тема
Основно описание – тема или топоним История - САЩ
9 (RLIN) 270358
651 #4 - Допълнително описание по предмет - топоним
Географско понятие САЩ
9 (RLIN) 179493
653 ## - Ключова дума – ненормативна
Ключова дума история
653 ## - Ключова дума – ненормативна
Ключова дума САЩ
700 1# - Други автори (авторска отговорност)
Лично име Аптекър, Бетина
Автороска отговорност (Описва отношението между автора и произведението) под ред. на
9 (RLIN) 317419
700 1# - Други автори (авторска отговорност)
Лично име Петков, Цветан Георгиев
Автороска отговорност (Описва отношението между автора и произведението) прев. от англ.
9 (RLIN) 363360
852 ## - Местоположение
Форматна сигнатура Цб І 18591
856 4# - Електронен адрес и достъп
Електронен формат pdf - файл
Път до файла /url/
856 4# - Електронен адрес и достъп
Електронен формат pdf - файл
Път до файла /url/
942 ## - АРТИКУЛИ
Вид на библиотечния материал Книги
Скрит в OPAC Не
944 ## - СЪЗДАВАНЕ И РЕДАКЦИЯ на ЗАПИСА
Създаване/Редакция Създаване
Дата на регистрацията/редакция 18.02.2012
Статус, дата на статуса 18.02.2012 - от С1,Р / 18.02.2012
Служител, извършил регистрацията/редакцията Радостина_Карадакова
944 ## - СЪЗДАВАНЕ И РЕДАКЦИЯ на ЗАПИСА
Създаване/Редакция Редакция
Дата на регистрацията/редакция 18.02.2012
Статус, дата на статуса 18.02.2012 - от С1,Р / 18.02.2012
Служител, извършил регистрацията/редакцията
999 ## - СИСТЕМНИ КОНТРОЛНИ НОМЕРА
Koha biblionumber 122079
Koha biblioitemnumber 122079
Наличности
Код за отписване Код за изгубен артикул Източник на класификационната схема Код за повреда Коз за рестрикции Код за отдаване Артикулен № Име на библиотеката - собственик Име на библиотеката, в която се намира в момента Статус (Текущо местоположение) Дата на вписване в системата Местоположение - отдел Цена в лева Инвентарен номер Систематично азбучна сигнатура Баркод Номер на екземпляра Цена в евро Служебна бележка Служебен тип на артикула
  Не е изгубен Universal Decimal Classification Не е повреден без рестрикции ползва се в читалня 197430 Регионална библиотека "Любен Каравелов" Русе Регионална библиотека "Любен Каравелов" Русе Хранилище 1981-01-01 Хранилище 1.37 319150 Цб І 18591 120000319150 1 0.70 N: стар фонд Дата: 01.01.1981 Книги
Vip Innovations Ltd, Rousse, Bulgaria 2025